The service game (Record no. 74189)

MARC details
000 -LEADER
fixed length control field 01339cab a2200217 4500
001 - CONTROL NUMBER
control field ABS67525
008 - FIXED-LENGTH DATA ELEMENTS--GENERAL INFORMATION
fixed length control field 040301n2004 000 0 eng u
035 ## - SYSTEM CONTROL NUMBER
System control number (Sirsi) u125263
100 ## - MAIN ENTRY--PERSONAL NAME
Personal name Murdoch, Sandi
245 #4 - TITLE STATEMENT
Title The service game
260 ## - PUBLICATION, DISTRIBUTION, ETC.
Date of publication, distribution, etc. 2004
490 ## - SERIES STATEMENT
Series statement Estates Gazette
Volume/sequential designation (0403) 17 January 2004, 99(1)
520 ## - SUMMARY, ETC.
Summary, etc. Examines the problem of serving notices between landlord and tenant, particularly where strict time limits apply. Notices under the Landlord and Tenant Act 1927 s23 can be served by sending them by recorded delivery. If sent by recorded delivery, then service is deemed to take effect when the notice is posted, not when it is received. Refers to case law, particularly "C A Webber (Transport) Ltd v Network Rail Infrastructure Ltd" ([2003] EWCA Civ 1167, [2004] 1WLR 320) which supports the use of the date sent, not the date received, as the date that a notice is served. However, this is felt to be unfair, as it allows a notice to be served at a time when the server knows that it cannot be received until after the designated time limit.
590 ## - LOCAL NOTE (RLIN)
Local note ABS
650 ## - SUBJECT ADDED ENTRY--TOPICAL TERM
Topical term or geographic name entry element NOTICES
650 ## - SUBJECT ADDED ENTRY--TOPICAL TERM
Topical term or geographic name entry element LANDLORD AND TENANT ACT 1927 S23
650 ## - SUBJECT ADDED ENTRY--TOPICAL TERM
Topical term or geographic name entry element C A WEBBER (TRANSPORT) LTD V NETWORK RAIL INFRASTRUCTURE LTD
650 ## - SUBJECT ADDED ENTRY--TOPICAL TERM
Topical term or geographic name entry element TIME LIMITS
690 ## - LOCAL SUBJECT ADDED ENTRY--TOPICAL TERM (OCLC, RLIN)
Topical term or geographic name as entry element LANDLORD AND TENANT-BUSINESS TENANCIES
942 ## - ADDED ENTRY ELEMENTS (KOHA)
Suppress in OPAC 0
Holdings
Withdrawn status Lost status Source of classification or shelving scheme Damaged status Not for loan Home library Current library Shelving location Date acquired Total Checkouts Full call number Barcode Date last seen Copy number Price effective from Koha item type
    Dewey Decimal Classification     London London Journal article 01/03/2004   ABS67525 125263-1001 06/08/2019 1 06/08/2019 Journal article